The Dictionary of Economics and Commerce. (Record no. 3509)

MARC details
005 - DATE AND TIME OF LATEST TRANSACTION
control field 20250609122442.0
020 ## - INTERNATIONAL STANDARD BOOK NUMBER
International Standard Book Number 0 7121 0424 0
082 ## - DEWEY DECIMAL CLASSIFICATION NUMBER
Classification number 330.03 HAN
100 ## - MAIN ENTRY--PERSONAL NAME
Author name HANSON, J. L.
245 ## - TITLE STATEMENT
Title The Dictionary of Economics and Commerce.
250 ## - EDITION STATEMENT
Edition statement 5th Ed
260 ## - PUBLICATION, DISTRIBUTION, ETC.
Place of publication, distribution, etc. Estover,
Name of publisher, distributor, etc. McDonald & Evans.
Date of publication, distribution, etc. 1977.
300 ## - PHYSICAL DESCRIPTION
Extent vi, 472p.: ill.;
Dimensions 20cm.
942 ## - ADDED ENTRY ELEMENTS (KOHA)
Source of classification or shelving scheme Dewey Decimal Classification
Koha item type Books
Holdings
Date last seen Total checkouts Full call number Barcode Cost, replacement price Price effective from Koha item type Lost status Source of classification or shelving scheme Damaged status Not for loan Withdrawn status Home library Current library Shelving location Date acquired Cost, normal purchase price
06/09/2025   330.03 HAN 00000011709 30000.00 06/09/2025 Books   Dewey Decimal Classification       College of Business Education Main Library College of Business Education Main Library Reference Collection 05/11/1979 10000.00